La sentiment du beau et le sentiment poetique (Record no. 36641)

MARC details
000 -LEADER
campo de control de longitud fija 00465nam a2200145 i 4500
001 - NÚMERO DE CONTROL
campo de control 36641
003 - IDENTIFICADOR DE NÚMERO DE CONTROL
campo de control ES-MaACL
007 - CAMPO FIJO DE DESCRIPCIÓN FÍSICA--INFORMACIÓN GENERAL
campo de control de longitud fija t|
008 - DATOS DE LONGITUD FIJA--INFORMACIÓN GENERAL
campo de control de longitud fija 030218s1904 fr ||||1| fre d
100 1# - ENTRADA PRINCIPAL--NOMBRE DE PERSONA
Nombre de persona Braunschvig, Marcel.
9 (RLIN) 31429
245 13 - MENCIÓN DEL TÍTULO
Título La sentiment du beau et le sentiment poetique
Resto del título : (essai sur l'esthetique du vers) /
Mención de responsabilidad, etc. par Marcel Braunschvig.
260 ## - PUBLICACIÓN, DISTRIBUCIÓN, ETC.
Lugar de publicación, distribución, etc. París :
Nombre del editor, distribuidor, etc. Alcan,
Fecha de publicación, distribución, etc. 1904 (
Lugar de fabricación/manufactura Chartres :
Fabricante Durand)
300 ## - DESCRIPCIÓN FÍSICA
Extensión 204 p. ;
Dimensiones 22 cm.
852 ## - LOCALIZACIÓN
Ubicación ES-MaACL
Número de control de estantería B-6223
Holdings
Estatus retirado Estado de pérdida Estado de daño No para préstamo Biblioteca de origen Biblioteca actual Ubicación en estantería Fecha de adquisición Fuente de adquisición Total de préstamos Signatura topográfica completa Código de barras Visto por última vez Precio de reemplazo Tipo de ítem Koha
        Biblioteca del Ateneo de Madrid Biblioteca del Ateneo de Madrid Sala Pardo Bazán 17/01/2008     B-6223 1038509 23/02/2023 23/02/2023 Libro impreso